guess the Forsaken characters and skins (FIXED) - Statistics

General Stats
  • This quiz has been taken 1,522 times
    1,510 since last reset
  • The average score is 35 of 76
Answer Stats
Picture Answer % Correct
Noli
94%
Mafioso
93%
1x1x1x1
76%
King
75%
C00l
72%
John Doe
70%
Bluudud
69%
Noob
69%
Jason
68%
007n7
66%
Betrayed
66%
Chance
64%
Elliot
64%
Yourself
64%
Shedletsky
63%
Two time
63%
Guest 1337
62%
taph
61%
Vanity
61%
Builderman
60%
C00lkidd
59%
Barber
58%
Friend
57%
Kevin
57%
Timeless
57%
Alien
55%
1Eggs
54%
Golden
54%
Demon King
53%
Geometry
53%
Gasharpoon
52%
Homeless
52%
Retro
51%
Pedro.exe
50%
Matt
49%
Party
48%
Boss
46%
Delirious
46%
Hitbox Accurate
46%
Annihilation
45%
Champion
44%
Cosplay
44%
Phoenix
44%
Comic
43%
LoveShot
43%
Telamon
43%
Flipnote
40%
Pr3typriincess
39%
Combat Initiation
38%
Yorick
36%
HackLord shedletsky
34%
Spring
34%
Token
34%
Celeste
33%
Lulu
33%
Combat Dummy
32%
Parlor Gubby
32%
Memoriam
29%
Dumsekkah
28%
Martial Artist
28%
Onesie
28%
Figures
27%
Warhead
26%
Outlawed
24%
Anonymous
23%
Casual
23%
Toothy Deer
23%
Tommy Jarvis
22%
The Dark Reaper
21%
Alfred Drevis
19%
Ally that only kills zombies not u
19%
Avian sight
18%
Construction Worker
17%
Dragondudes3
13%
Infernal Sorcerer
12%
Astral Isles
9%
No matching quizzes found
Score Distribution
Percent of People with Each Score
Percentile by Number Answered
Your Score History
You have not taken this quiz since the last reset